| 000 | 01832cab a2200277 4500 | ||
|---|---|---|---|
| 001 | ABS67840 | ||
| 008 | 040524n2004 000 0 eng u | ||
| 035 | _a(Sirsi) u126260 | ||
| 100 | _aSmulian, M. | ||
| 245 | _aClearer, smoother, faster | ||
| 260 | _c2004 | ||
| 490 |
_aHouse Builder _v63(4) May 2004, 32-34(3) |
||
| 520 | _aDiscusses the recent Joseph Rowntree Foundation report "Mixed tenure agreements: a review of partnership models" (ISBN 1859351735) that argues that true partnerships could make section 106 agreements work better for builders, housing associations and planners. The report argues that brownfield land is the obvious source of sites for almost all affordable housing. Public bodies with large landholdings should normally require bids for their brownfield land to be from partnerships of builders and housing associations with built-in arrangements to resolve tenure mix, design, costs and programming issues at an early stage.The s106 system is currently not being just used to ensure a supply of affordable housing but as a way of getting round capital controls imposed on local authorities by government. The report suggests that partnerships might last five to seven years and includes a sample protocol reached between builders and housing associations. The report is available at www.jrf.org.uk. | ||
| 590 | _aABS | ||
| 650 | _aTOWN AND COUNTRY PLANNING ACT 1990 S106 | ||
| 650 | _aBROWNFIELD LAND | ||
| 650 |
_aAffordable housing _96215 |
||
| 650 | _aSTRATEGIC PARTNERING | ||
| 650 | _aPARTNERSHIP SCHEMES | ||
| 650 | _aPLANNING AGREEMENTS | ||
| 650 | _aHOUSING ASSOCIATIONS | ||
| 650 | _aHOUSE BUILDERS | ||
| 690 | _aHOUSING-DEVELOPMENT | ||
| 856 |
_uhttps://www.jrf.org.uk/sites/files/jrf/1859351743.pdf _zView report on the Joseph Rowntree Foundation website... |
||
| 942 | _n0 | ||
| 999 |
_c74405 _d74405 |
||